000
00255nam a2200097Ia 4500
001
726165
005
20250826163423.0
008
250824s9999 xx 000 0 und d
245
0
_a
EVDE VE UZAKTA
_c
CHRİSTİNE NÖSTLİNGER
260
_b
GÜNIŞIĞI KİTAPLIĞI
999
_c
726165
_d
726165